Movies Quiz

Random Movies or Clickable Quiz

Horror Movie 'D' Words (Clickable) Quiz Stats

 Plays Quiz not verified by Sporcle

Score 0/75 Timer 20:00
0 Plays Today
% Correct
Don't
68.1%
Days
68.1%
Door
65.9%
Did
65.4%
Day
65.4%
Down
65.3%
Dusk
65.1%
Die
64.8%
Dead
64.6%
Dark
64.5%
Devil's
64.5%
Day
64.5%
Devil's
64.2%
Damned
64.2%
Destination
64.2%
Dr.
64.2%
Dr.
64%
Destruction
64%
Dracula
63.8%
Dead
63.8%
Don't
63.7%
Dead
63.4%
Damien
63.2%
Drag
63.2%
Damned
63.2%
Dorian
63.2%
Dripped
63.1%
Dies
62.3%
Dark
62%
Days
62%
Dale
61.7%
Do
61.2%
Darkness
60.7%
Dream
60.3%
Diaries
60.1%
Dwells
59.9%
Dr.
59.2%
Darkness
59.2%
% Correct
Dreaded
59%
Darkness
58.7%
Dead
58.1%
Devil's
56.2%
Dangerous
54.8%
Darkside
53.7%
Dark
53.5%
Dracula
53.5%
Dark
52.6%
Day
52.4%
Disturbing
52.4%
Death
52.1%
Day
52%
Day
51.5%
Dead
51.2%
Deadly
50.5%
Dr.
50.2%
Dreadful
50.2%
Dolly
49.8%
Dawn
49%
Descent
46.5%
Dragon
44.9%
Demonic
44%
Due
42.3%
Death
42.3%
Dog
41.6%
Deadly
40.7%
Demons
39.6%
Demon
35.2%
Dark
32.1%
Devil
31.8%
Driller
31.5%
Deep
30.2%
Diary
25%
Dementia
24.6%
Devil
24.1%
Deader
18.9%

You're not logged in!

Compare scores with friends on all Sporcle quizzes.
OR
Log In

Show Comments

Extras

Created Feb 26, 2014ReportNominate
Tags:Clickable Quiz, horror

Top Quizzes Today


Score Distribution

Your Account Isn't Verified!

In order to create a playlist on Sporcle, you need to verify the email address you used during registration. Go to your Sporcle Settings to finish the process.

Report this User

Report this user for behavior that violates our Community Guidelines.

Details: